| 000 | 00672nam a2200241Ia 4500 | ||
|---|---|---|---|
| 003 | OSt | ||
| 005 | 20220924114955.0 | ||
| 006 | a|||||r|||| 00| 0 | ||
| 007 | ta | ||
| 008 | 220923b |||||||| |||| 00| 0 san d | ||
| 024 | _a26093 | ||
| 037 | _cTextual | ||
| 040 |
_aARTS _cARTS _bsan |
||
| 041 |
_2san _asan |
||
| 082 | _aQ2:428y8xF70,2, 15G0 (=) | ||
| 100 |
_aBhatta Aniruddha _9176306 |
||
| 245 | 0 | _aPitri dayati ed by Dakshina Charan Bhatta | |
| 260 |
_aCalcutta _bJanki nath _c1930 |
||
| 300 |
_a94p. _ccm. |
||
| 650 | _aRELIGION | ||
| 942 |
_hQ2:428y8xF70,2, 15G0 (=) _cTEXL _2CC |
||
| 999 |
_c396223 _d396223 |
||